Parole che iniziano con la "H" - Statistics

Statistiche generali
  • Questo quiz è stato fatto 303 volte
  • Il punteggio medio è 12 su 15
Statistiche sulle risposte
INDIZIO RISPOSTA % Corretto
Sinonimo di albergo Hotel
99%
Persona che riesce ad aggirare i sistemi di sicurezza tecnologi Hacker
98%
Si festeggia il 31 ottobre Halloween
98%
Cibo mangiato principalmente nei fast food Hamburger
98%
Insieme si condizioni ambientali che rendono perfetta la vita per una certa specie Habitat
92%
Stato che confina con la Repubblica Dominicana Haiti
92%
Una persona invalida è affetta da _______ Handicap
91%
Qui gli americani lanciarono la prima bomba atomica sulla popolazione Hiroshima
91%
Virus che crea infezioni e vesciche sulla pelle, in particolare sulle labbra Herpes
89%
Tom _______ attore dell'ultimo Spiderman Holland
82%
Una delle due lingue ufficiali dell'India Hindi
79%
Luogo in cui si tengono gli aeroplani per sistemarli Hangar
69%
Canzone cantata da Pharrell Williams Happy
58%
Scrisse "Addio alle Armi" Hemingway
35%
Sistema di scrittura sillabico utilizzato per la lingua giapponese Hiragana
10%
Nessun quiz corrispondente trovato
Distribuzione punteggi
Percentuale di utenti per punteggio
Percentile per numero di risposta
I tuoi punteggi nel tempo
Non hai fatto questo quiz